Neurology and Neurosurgery Illustrated (Record no. 334)
[ view plain ]
| 000 -LEADER | |
|---|---|
| fixed length control field | 00595nam a22002177a 4500 |
| 003 - CONTROL NUMBER IDENTIFIER | |
| control field | OSt |
| 005 - DATE AND TIME OF LATEST TRANSACTION | |
| control field | 20191106131908.0 |
| 008 - FIXED-LENGTH DATA ELEMENTS--GENERAL INFORMATION | |
| fixed length control field | 140811b xxu||||| |||| 00| 0 eng d |
| 020 ## - INTERNATIONAL STANDARD BOOK NUMBER | |
| International Standard Book Number | 9780443069789 |
| 040 ## - CATALOGING SOURCE | |
| Transcribing agency | DLC |
| 082 ## - DEWEY DECIMAL CLASSIFICATION NUMBER | |
| Classification number | WL 368 L645n 2004 |
| Item number | W |
| 100 ## - MAIN ENTRY--PERSONAL NAME | |
| Personal name | Lindsay, Kenneth W.; Bone, Ian |
| 9 (RLIN) | 875 |
| 245 ## - TITLE STATEMENT | |
| Title | Neurology and Neurosurgery Illustrated |
| 250 ## - EDITION STATEMENT | |
| Edition statement | 5th ed. |
| 260 ## - PUBLICATION, DISTRIBUTION, ETC. (IMPRINT) | |
| Place of publication, distribution, etc. | London |
| Name of publisher, distributor, etc. | Churchill Livingstone |
| Date of publication, distribution, etc. | 2011 |
| 300 ## - PHYSICAL DESCRIPTION | |
| Extent | 598 p.: |
| Other physical details | ill.; |
| Dimensions | 25 cm |
| 504 ## - BIBLIOGRAPHY, ETC. NOTE | |
| Bibliography, etc | Includes Refereences & index |
| 650 ## - SUBJECT ADDED ENTRY--TOPICAL TERM | |
| Topical term or geographic name as entry element | Neurology |
| 9 (RLIN) | 2815 |
| 650 ## - SUBJECT ADDED ENTRY--TOPICAL TERM | |
| Topical term or geographic name as entry element | Neurosurgery |
| 9 (RLIN) | 3205 |
| 942 ## - ADDED ENTRY ELEMENTS (KOHA) | |
| Source of classification or shelving scheme | Other/Generic Classification Scheme |
| Koha item type | Book Bank |
| Withdrawn status | Lost status | Source of classification or shelving scheme | Damaged status | Not for loan | Home library | Current library | Date acquired | Source of acquisition | Inventory number | Total Checkouts | Total Renewals | Full call number | Barcode | Date last seen | Date last checked out | Koha item type |
|---|---|---|---|---|---|---|---|---|---|---|---|---|---|---|---|---|
| Other/Generic Classification Scheme | MUST Main Library | MUST Main Library | 11/08/2014 | Purchase | 06/26630 | 1 | 1 | WL 368 L645n 2004 | 2014-2048 | 22/01/2024 | 12/10/2023 | Open Shelf | ||||
| Other/Generic Classification Scheme | MUST Main Library | MUST Main Library | 11/08/2014 | Purchase | 06/26636 | WL 368 L645n 2004 | 2014-2049 | 11/08/2014 | Book Bank | |||||||
| Other/Generic Classification Scheme | MUST Main Library | MUST Main Library | 11/08/2014 | Purchase | 06/26633 | 1 | WL 368 L645n 2004 | 2014-2050 | 01/05/2021 | 02/03/2021 | Book Bank | |||||
| Other/Generic Classification Scheme | MUST Main Library | MUST Main Library | 11/08/2014 | Purchase | 06/26627 | WL 368 L645n 2004 | 2014-2051 | 11/08/2014 | Book Bank | |||||||
| Other/Generic Classification Scheme | MUST Main Library | MUST Main Library | 04/03/2015 | Purchase | 06/26634 | WL 368 L645n 2004 | 2015-0478 | 04/03/2015 | Short Loan | |||||||
| Other/Generic Classification Scheme | MUST Main Library | MUST Main Library | 04/03/2015 | Purchase | 06/26629 | WL 368 L645n 2004 | 2015-0479 | 04/03/2015 | Short Loan | |||||||
| Other/Generic Classification Scheme | MUST Main Library | MUST Main Library | 20/03/2015 | 15/38914 | WL 368 L645n 2011 | 2015-0536 | 20/03/2015 | Book Bank | ||||||||
| Other/Generic Classification Scheme | MUST Main Library | MUST Main Library | 20/03/2015 | Purchase | 15/38913 | 3 | WL 368 L645n 2011 | 2015-0537 | 04/07/2022 | 11/05/2022 | Book Bank |
